000 02052nam a22004577a 4500
003 EG-GICUC
005 20260121101220.0
008 251113s2025 ua ||||fr|||| 000 0 ara d
040 _aEG-GICUC
_cEG-GICUC
_dEG-GICUC
_erda
_bara
041 0 _aara
_dara
049 _aإيداع
082 0 4 _a343.431
_221
097 _aPh.D
099 _aLaw 10 PHD 2025
100 0 _aعبدالله عاصم رمضان مرسى
_eمؤلف.
245 1 0 _aالحقوق والضمانات المقررة للمتهمين فى الجرائم الارهابية :
_bدراسة مقارنة /
_cاعداد عبدالله عاصم رمضان مرسى ؛ اشراف طارق احمد فتحى سرور .
264 0 _aالقاهرة :
_bكلية الحقوق - جامعة القاهرة,
_c2025.
300 _a345 صفحة :
_billustrations ; إيضاحيات ؛
_c30 cm. +
_eCD.
336 _atext
_2rda content
337 _aComputer
_2rda media
338 _aOnline Resource
_2rda carrier
502 _a أطروحة (دكتوراه)-جامعة القاهرة، 2025.
504 _aيشتمل على إرجاعات بيبليوجرافية: 318-338 صفحة
546 _aالنص بالعربية والملخص بالإنجليزية.
650 0 4 _aالتشريع الخاص بالإرهاب
_2qrmak
653 0 _aحقوق
653 0 _aضمانات
653 0 _aالارهاب
653 0 _aجرائم ارهابية
653 0 _aانتهاك حريات
653 0 _aنيابة عامة
655 4 _aرسائل جامعية
_zجامعة القاهرة
700 0 _aطارق احمد فتحى سرور
_eAnnotateur
700 0 _aشريف سيد كامل
_eAnnotateur
700 0 _aمحمد سمير محمد زكي أبو طه
_eAnnotateur
710 2 _aجامعة القاهرة
_bكلية الحقوق
856 _uhttps://fll.law.cu.edu.eg/fulltext/th/T10-04178.pdf
900 _b01-01-2023
_Uجامعة القاهرة Cairo University
_Fكلية Faculty of
_Dقسم Department of
905 _a31
942 _2ddc
_n0
_cTH
_e21
999 _c43194